[Event "ESP-chT CECLUB Honor"]
[Site "Linares"]
[Date "2015.08.21"]
[Round "7.2"]
[White "Vazquez Torres, Adrian"]
[Black "Rodshtein, Maxim"]
[Result "0-1"]
[WhiteElo "2209"]
[BlackElo "2678"]
[PlyCount "68"]
[EventDate "2015.08.15"]
[EventType "team-tourn"]
[EventRounds "7"]
[EventCountry "ESP"]
[SourceTitle "EXT 2016"]
[Source "ChessBase"]
[SourceDate "2015.10.08"]
[SourceVersion "1"]
[SourceVersionDate "2015.10.08"]
[SourceQuality "1"]
[WhiteTeam "Atocha VTI"]
[BlackTeam "Sestao Fundacion EDP"]
[WhiteTeamCountry "ESP"]
[BlackTeamCountry "ESP"]

1. e4 c5 2. Nf3 e6 3. d4 cxd4 4. Nxd4 a6 5. Bd3 Bc5 6. Nb3 Be7 7. 0-0 d6 8. Nc3 Nf6 9. Kh1 b5 10. Be3 Bb7 11. f3 Nbd7 12. Qe1 0-0 13. Qg3 g6 14. Rad1 Rc8 15. a3 d5 16. exd5 Nxd5 17. Nxd5 Bxd5 18. Nd4 Qc7 19. Qh3 Nc5 20. Be4 Rfd8 21. b4 Na4 22. Bxd5 Rxd5 23. f4 Qd7 24. f5 exf5 25. Nxf5 Qxf5 26. Rxf5 Rxd1+ 27. Bg1 gxf5 28. Qg3+ Kf8 29. Qe5 Ke8 30. Qxf5 Rc4 31. Qxh7 Rf4 32. Qh8+ Kd7 33. Qh3+ f5 34. Qe3 Rff1 0-1

[Event "Madrid-chT 1415"]
[Site "Madrid"]
[Date "2014.12.14"]
[Round "3.4"]
[White "Vazquez Torres, Adrian"]
[Black "Suarez Uriel, Adrian"]
[Result "0-1"]
[WhiteElo "2198"]
[BlackElo "2283"]
[PlyCount "76"]
[EventDate "2014.11.23"]
[EventType "team-tourn"]
[EventRounds "14"]
[EventCountry "ESP"]
[SourceTitle "EXT 2016"]
[Source "ChessBase"]
[SourceDate "2015.10.08"]
[SourceVersion "1"]
[SourceVersionDate "2015.10.08"]
[SourceQuality "1"]
[WhiteTeam "Virgen de Atocha"]
[BlackTeam "Casa del Ajedrez"]
[WhiteTeamCountry "ESP"]
[BlackTeamCountry "ESP"]

1. e4 d6 2. d4 Nf6 3. Nc3 e5 4. dxe5 dxe5 5. Qxd8+ Kxd8 6. Bg5 Be6 7. 0-0-0+ Nbd7 8. f4 exf4 9. e5 h6 10. Bxf4 Ng4 11. Rd2 g5 12. h3 gxf4 13. hxg4 Bc5 14. Kb1 Be3 15. Rd1 Bxg4 16. Be2 Be6 17. Nd5 Bxd5 18. Rxd5 c6 19. Rd1 Ke7 20. Nf3 Rag8 21. Rh2 Nc5 22. c3 Ne4 23. Bc4 Rg3 24. Bb3 Nf2 25. Rd6 Ng4 26. Rh1 Bc5 27. Rd2 Ne3 28. Rh5 Nxg2 29. e6 fxe6 30. Re5 Rg6 31. Rxc5 Ne3 32. Re5 b5 33. a3 h5 34. Rh2 Ng4 35. Rd2 Nxe5 36. Nxe5 Rg7 37. Kc2 a6 38. Nf3 Rgh7 0-1

[Event "Madrid-chT 1314"]
[Site "Madrid"]
[Date "2014.03.15"]
[Round "14.45"]
[White "Vazquez Torres, Adrian"]
[Black "Pena Gomez, Manuel"]
[Result "1/2-1/2"]
[WhiteElo "2179"]
[BlackElo "2417"]
[PlyCount "214"]
[EventDate "2013.11.16"]
[EventType "team-tourn"]
[EventRounds "14"]
[EventCountry "ESP"]
[SourceTitle "EXT 2015"]
[Source "ChessBase"]
[SourceDate "2014.11.20"]
[SourceVersion "1"]
[SourceVersionDate "2014.11.20"]
[SourceQuality "1"]
[WhiteTeam "Virgen de Atocha"]
[BlackTeam "Collado Villalba"]
[WhiteTeamCountry "ESP"]
[BlackTeamCountry "ESP"]

1. e4 c5 2. Nf3 e6 3. d4 cxd4 4. Nxd4 Nc6 5. Nc3 Qc7 6. Be3 a6 7. Bd3 Nf6 8. Nxc6 bxc6 9. 0-0 d5 10. Qe2 Be7 11. exd5 cxd5 12. Bd4 0-0 13. a4 Bb7 14. Rfe1 Qf4 15. Rad1 Rfc8 16. g3 Qh6 17. Qf3 Bc5 18. Bxc5 Rxc5 19. Qe2 Nd7 20. f3 Rc7 21. Qf2 Qf6 22. Bf1 Rb8 23. Rd2 Ne5 24. f4 Nc4 25. Bxc4 Rxc4 26. Qa7 Rcc8 27. Qd4 Qxd4+ 28. Rxd4 Ba8 29. Nd1 Rxc2 30. f5 exf5 31. Ne3 Rcxb2 32. Nxf5 Kf8 33. Ne3 Re8 34. h4 h5 35. Kf1 Re4 36. Nf5 Rxd4 37. Nxd4 Rd2 38. Nf5 Bc6 39. Rb1 Kg8 40. Ne7+ Kh7 41. Nxc6 d4 42. Rb4 d3 43. Rd4 Rd1+ 44. Kf2 Rc1 45. Nb4 d2 46. Rxd2 Rc4 47. Nxa6 Rxa4 48. Nc5 Ra3 49. Rd5 Kg6 50. Nd3 Kf6 51. Ke3 g6 52. Ke4 Ra4+ 53. Rd4 Ra3 54. Rd6+ Ke7 55. Rb6 Rc3 56. Rb4 Ra3 57. Rd4 Kf6 58. Kf4 Ra5 59. Nf2 Rf5+ 60. Ke3 Ra5 61. Kf3 Ke6 62. Re4+ Kf6 63. Nd1 Ra1 64. Ne3 Ra3 65. Kf4 Rd3 66. Rc4 Ke6 67. Ke4 Ra3 68. Rc6+ Kd7 69. Rb6 Ke8 70. Rb7 Kf8 71. Kf4 Ra4+ 72. Ke5 Ra3 73. Kf4 Ra4+ 74. Kf3 Ra3 75. Rc7 Ke8 76. Kf4 Rd3 77. Rb7 Kf8 78. Ke4 Ra3 79. Rc7 Ke8 80. Kf4 Rd3 81. Rc5 Ke7 82. Ke4 Ra3 83. Rb5 Kf8 84. Kf4 Ke8 85. Rb6 Ra4+ 86. Ke5 Ra3 87. Kd4 Kd7 88. Rb8 Ke6 89. Re8+ Kf6 90. Nd5+ Kg7 91. Nc3 Rb3 92. Ne4 Ra3 93. Ke5 Ra5+ 94. Kf4 Ra4 95. Rd8 Ra3 96. Rd7 Ra4 97. Kf3 Ra3+ 98. Kg2 Ra2+ 99. Kh3 Kg8 100. Ng5 Rf2 101. g4 hxg4+ 102. Kxg4 Rf1 103. Nf3 Rf2 104. Ne5 Rf5 105. Nd3 Ra5 106. Nf4 Re5 107. Rd5 Re4 1/2-1/2

[Event "Madrid-chT 1314"]
[Site "Madrid"]
[Date "2014.02.08"]
[Round "9.14"]
[White "Vazquez Torres, Adrian"]
[Black "Ocana Lameiro, Oliver"]
[Result "1-0"]
[WhiteElo "2179"]
[BlackElo "2044"]
[PlyCount "73"]
[EventDate "2013.11.16"]
[EventType "team-tourn"]
[EventRounds "14"]
[EventCountry "ESP"]
[SourceTitle "EXT 2015"]
[Source "ChessBase"]
[SourceDate "2014.11.20"]
[SourceVersion "1"]
[SourceVersionDate "2014.11.20"]
[SourceQuality "1"]
[WhiteTeam "Virgen de Atocha"]
[BlackTeam "San Fernando de Henares"]
[WhiteTeamCountry "ESP"]
[BlackTeamCountry "ESP"]

1. e4 c6 2. d4 d5 3. Nc3 dxe4 4. Nxe4 Nf6 5. Nxf6+ exf6 6. c3 Bd6 7. Bd3 0-0 8. Ne2 Bg4 9. Qc2 Bxe2 10. Bxe2 Re8 11. Be3 Qc7 12. 0-0-0 Nd7 13. h4 Bf4 14. Rh3 Re7 15. Bd3 Nf8 16. g4 Rae8 17. Qd2 Bxe3 18. fxe3 Qd7 19. Rg3 b5 20. Qf2 Qd6 21. Rdg1 h6 22. g5 fxg5 23. hxg5 hxg5 24. Rh1 f6 25. Rgh3 Kf7 26. Bc2 Rc7 27. Rf3 Ng6 28. Rh7 Nh4 29. Bb3+ Kf8 30. Rg3 Ke7 31. Rxg7+ Kd8 32. Rxc7 Qxc7 33. Qxf6+ Qe7 34. Qxc6 Nf5 35. Qa8+ Kd7 36. Qxa7+ Kd8 37. Qb8+ 1-0